000 01221nam a2200241 4500
001 114470
003 DR-UNIBE
005 20260317114637.0
008 260317b2007 dr ||||| |||| 00| 0 spa d
040 _aBIBLIOTECA UNIBE
_bspa
_cBIBLIOTECA UNIBE
041 _aspa
082 _222
_aRD 972.93053092 M385t 2007
100 1 _aMartínez Almánzar, Juan Francisco,
_d1950-
_eautor
_9203359
245 1 0 _aTrujillo :
_bla vigencia de un fantasma (junio-diciembre 1961). Volumen 2 /
_cJuan Francisco Martínez Almánzar
250 _aSegunda edición
260 _aSanto Domingo :
_b[Editor no identificado],
_c2007
300 _axvii, 247 páginas
504 _aIncluye referencias bibliográficas e índice
505 0 _aPrefacio | Capítulo I. Los hechos ocurridos tras el ajusticiamiento del tirano | Capítulo II. Los hechos ocurridos en julio y agosto | Capítulo III. Se incrementa lucha en septiembre y octubre | Capítulo IV. La terminación del dominio de los trujillistas | Capítulo V. El mantenimiento de Balaguer en el poder
600 1 _aTrujillo Molina, Rafael Leónidas,
_d1891-1961
_939608
651 7 _2lemb
_aRepública Dominicana
_xHistoria
_yEra de Trujillo, 1930-1961
_926200
942 _2ddc
_cBK
999 _c114470
_d114470